Concentrating Solar Power Technology / (Record no. 589939)

000 -LEADER
fixed length control field 00392nam a22001697a 4500
003 - CONTROL NUMBER IDENTIFIER
control field NUST
020 ## - INTERNATIONAL STANDARD BOOK NUMBER
International Standard Book Number 9780128199701
038 ## - RECORD CONTENT LICENSOR
Staff Name khadija
082 ## - DEWEY DECIMAL CLASSIFICATION NUMBER
Classification number 621.472
Author Mark CON
100 ## - MAIN ENTRY--PERSONAL NAME
Personal name Lovegrove
9 (RLIN) 91809
245 ## - TITLE STATEMENT
Title Concentrating Solar Power Technology /
Statement of responsibility, etc. Keith Lovegrove
250 ## - EDITION STATEMENT
Edition statement 2nd
260 ## - PUBLICATION, DISTRIBUTION, ETC.
Place of publication, distribution, etc. U.K
Name of publisher, distributor, etc. Woodhead Publisher
Date of publication, distribution, etc. 2021
300 ## - PHYSICAL DESCRIPTION
Extent p778
563 ## - BINDING INFORMATION
Binding note HB
942 ## - ADDED ENTRY ELEMENTS (KOHA)
Source of classification or shelving scheme
Koha item type Book
Holdings
Withdrawn status Lost status Source of classification or shelving scheme Damaged status Not for loan Permanent Location Current Location Shelving location Date acquired Total Checkouts Full call number Barcode Date last seen Price effective from Koha item type
          School of Mechanical & Manufacturing Engineering (SMME) School of Mechanical & Manufacturing Engineering (SMME) General Stacks 05/24/2022   621.472 CON smme-3751 05/24/2022 05/24/2022 Book
© 2023 Central Library, National University of Sciences and Technology. All Rights Reserved.